Quizzes
Events
Quiz Creation
Community
Videos
Private Events
Remove Ads
Sign In
Join for FREE
Feedback
Dark Mode
Quiz Categories
Sports
Geography
Music
Movies
Television
Just For Fun
Miscellaneous
History
Literature
Language
Science
Gaming
Entertainment
Religion
Holiday
For Kids
Quiz Lab
Recent
Popular Today
Quiz Kudos Today
Editor Picks
Curator Picks
Quizzes by...
Day
Popularity
Type
Ratings
Length
Year
Community
Subscriptions
Recent Discussions
Orange Saloon
Badges
Playlists
Quests
Create
Leaderboards
Showdown
Live 5
Trivia Bingo
Activity
Puzzle Library
Sporcle Events
Private Events
Virtual Trivia
Globe League
Become a Host
Pub Owners
SporcleCon
Opinionation
Our Games
Videos
Blog
Mobile Apps
Partnerships
Remove Ads and Go Orange
Feedback
Sports
Athletes
MLB
NBA
NHL
NFL
Soccer
Sports Teams
WWE
NCAA
Football
Premier League
Basketball
Baseball
Hockey
Golf
Tennis
Cricket
Rugby
Auto Racing
Olympics
World Cup
Sports
Athletes
MLB
NBA
NHL
NFL
Soccer
Sports Teams
WWE
NCAA
Football
Premier League
Basketball
Baseball
Hockey
Golf
Tennis
Cricket
Rugby
Auto Racing
Olympics
World Cup
Random Quiz
Search Sporcle
×
Quiz Lab
Quiz Lab
Sports
French
Type in answers that appear in a list
Type in answers that appear in a list
Classic
Best Score? Go Orange.
FA Premier League Goalscoring Frenchmen Stats
Can you name the FA Premier League Goalscoring Frenchmen?
By
Gold26
10m
38 Questions
1,373 Plays
1,373 Plays
1,373 Plays
Comments
Comments
Give Quiz Kudos
Give Quiz Kudos
-
- Ratings
hide this ad
Replay
Link that replays current quiz
Next Quiz
Link to next quiz in quiz playlist
You Got
0%
They Got
Avg Score
34%
Avg Friend Score
Upgrade to see
Score Distribution
Jump to the score distribution portion of the page
Score
0/38
Timer
10:00
0
Plays Today
Goals
Player
% Correct
174
Thierry Henry
99.6%
110*
Nicolas Anelka
89.3%
62
Robert Pires
80.5%
29
Patrick Vieira
76.5%
70
Eric Cantona
73.5%
11
Emmanuel Petit
65.2%
24*
William Gallas
64.1%
32
Sylvian Wiltord
63.8%
68*
Louis Saha
63.1%
22
David Ginola
50.5%
6
Marcel Desailly
49%
11*
Florent Malouda
48.7%
39*
Steed Malbranque
40.3%
23
Djibril Cisse
37.1%
6*
Sami Nasri
35.6%
17
Frank Leboeuf
35.5%
23
Laurent Robert
33.1%
19
Youri Djorkaeff
32.6%
8*
Mikael Silvestre
31%
Goals
Player
% Correct
11*
Abou Diaby
28.1%
6
Christophe Dugarry
28.1%
6*
David Ngog
23.7%
11
Steve Marlet
22.9%
5*
Sylvain Distin
19.9%
8
Jeremie Aliadiere
17%
7
Mathieu Flamini
15.4%
11*
Charles N'Zogbia
13.5%
8
Sylvain Legwinski
11.9%
5
David Bellion
11.1%
6*
Pascal Chimbonda
10.3%
5
Florent Sinama Pongolle
9.8%
5
Olivier Dacourt
9.5%
6
Olivier Bernard
7.9%
18
Antoine Sibierski
7.5%
12*
Franck Queudrue
6.6%
6*
Olivier Kapo
2.8%
5
Samassi Abou
2.6%
6
Mickael Madar
2.4%
Quiz Playlist
Details
Report
Send in Message
Add To Playlist
Classic:
Type in answers that appear in a list
Quiz Source
Last Updated: Feb 16, 2017
Quiz Scoreboard
CHALLENGE
Sign Up to Join the Scoreboard
Show All
Scores
Hide
Comments
May contain spoilers
Recently Published
9x9 Crossword: Cartoon Network
by jackfrog10
Miscellaneous
3m
College Basketball Coaching Resumes
by pancakes188
Sports
9m
Billboard Blitz: Fleetwood Mac
by CooCooCachoo
Music
15s
More to Explore
Quiz From the Vault
Featured Blog Post
Where Did the Easter Bunny Come From?
hide this ad
You Might Also Like...
Tags
French Quiz
Premier League Quiz
FA Premier
goal
Goalscoring
League
League Goalscoring
Player
Premier
Today's Top Quizzes in Sports
Browse Sports
hide this ad
Today's Top Quizzes in French
Browse French
Top Contributed Quizzes in Sports
1
2022 World Cup Stars
2
Les meilleurs buteurs des matchs entre le PSG et l’OM
3
FIFA Club World Cup Champions
4
Les entraîneurs de l'OM et du PSG au 21e siècle
5
Criteria MLB: Left Handed Sluggers
6
AFC Teams Reveal (Wrong Answers Minefield)
7
2023 MLB Unique Player Accomplishments
8
5-to-1: FBS Animal Nicknames
9
Players with Multiple 50 Home Run Seasons
10
5-to-1: UK Sports Teams
Explore More
Trending Topics
Kpop
Harry Potter
Disney
Anime
Crossword
NBA
Marvel
Country
The Office
WWE
Pokémon
Soccer
Puzzle
Song
NFL
hide this ad
More By:
Gold26
Quiz
Plays
Rating
Category
Featured
Created
Premier League Most Appearances (Career)
138,429
4.47
Sports
Nov 10, 2009
Biggest Box Office Stars 1932-2013
129,904
4.30
Movies
May 18, 2010
WWE Most Belts Held All Time
15,927
4.21
Sports
Sep 29, 2009
WWE Royal Rumble Facts By Year
14,014
4.29
Sports
Jan 1, 2011
Bret Hart PPV Opponents
11,545
4.16
Sports
Dec 30, 2009
Go to Creator's Profile
Score Distribution
Quiz Creator Spotlight
Gold26
Follow
Send a Message
Quizzes Created
-
Created Quiz Play Count
-
More By This Creator
Popular Quizzes Today
1
Find the US States - No Outlines Minefield
2
Find the Countries of Europe - No Outlines Minefield
3
The Countries of the World
4
Find the US States
5
Risky Map Clicking: Biggest States A-Z
6
US States
7
Popular People in 1961
8
Movies - When Are They Set?
More Sports Quizzes
WWE PPV Posters From 2010's
Quiz Lab
Trending Quizzes
Risky Map Clicking: Least Populous States A-Z
1-10 Letter G Words
1-10 Letter F Words
Risky Map Clicking: Next State Alphabetically
Adjectives in 80s TV Shows
Recently Updated
Leaping Animals
pecheneg
Reality TV Shows (A-Z)
bhenderson79
Rickey Henderson's Hall of Fame Teammates
pecheneg
Champions League XIs: Arsenal
pecheneg
Quick Pick: Celebrities in WWE's Hall of Fame
aduchscher
A-Z Keypad Blitz II
pecheneg
Multiple Oscar Actors
pecheneg
Mystery Phrase Blitz: Oscar 'Best Actors'
pecheneg
F. Scott Fitzgerald Novels
LTH
Pick 3 Villains
ddd62291
Trending Topics
Disney
Marvel
Harry Potter
NBA
Kpop
Anime
Crossword
NFL
Puzzle
WWE
Country
Pokémon
Song
The Office
Soccer
Your Account Isn't Verified!
In order to create a playlist on Sporcle, you need to verify the email address you used during registration. Go to your
Sporcle Settings
to finish the process.
Report this User
Report this user for behavior that violates our
Community Guidelines
.
Details:
Send Report
Go to the Sporcle.com Mobile Site →
Comments